000 00866nas a2200301 4500
001 BR0601930
003 BR-BrBNA
005 20231205110003.0
007 ta
008 230509b bl.|||p| |||| 00| 00por d
040 _aBR-BrBNA
_bpor
_cBiblioteca Nacional de Agricultura
041 _a(Pt)
072 _aL02
100 1 _aNeumann, M.
100 1 _aRestle, J.
100 1 _aSouza, A.N.M. de
100 1 _aBrondani, I.L.
245 1 _aUtilização do farelo de soja centrifugado visando à produção dos superprecoce
650 _aGADO DE CORTE
650 _aCONFINAMENTO
650 _aDIETA
650 _aPERFORMANCE
650 _aRAÇÃO
650 _aPRODUÇÃO ANIMAL
773 0 _tCiência Rural (Brazil)
_xISSN 0103-8478
_g(Mar-Apr 2006), v. 36(2) p. 586-593
_wBR0601930
909 _a202311
_bLúcia
_c55
_dLúcia Elande
942 _2AGRIS
_n0
_cANA
999 _c185692
_d185692